header

Demystifying technical training (Record no. 94652)

MARC details
000 -LEADER
fixed length control field 01293nam a2200325Ia 4500
082 04 - DEWEY DECIMAL CLASSIFICATION NUMBER
Classification number 658.3/124
100 1# - MAIN ENTRY--AUTHOR NAME
Personal name Combs, Wendy L.,
245 10 - TITLE STATEMENT
Title Demystifying technical training
260 ## - PUBLICATION, DISTRIBUTION, ETC. (IMPRINT)
Place of publication San Francisco :
Name of publisher Pfeiffer,
Year of publication c2010.
300 ## - PHYSICAL DESCRIPTION
Number of Pages xxviii, 324 p. :
Other physical details ill.
650 #0 - SUBJECT ADDED ENTRY--TOPICAL TERM
Topical Term Employees
Topical Term Technical education.
Topical Term Occupational training.
700 1# - ADDED ENTRY--PERSONAL NAME
Personal name Davis, Bettina M.,
856 40 - ELECTRONIC LOCATION AND ACCESS
Uniform Resource Identifier http://site.ebrary.com/lib/rucke/Doc?id=10399025

No items available.

© 2026 Rongo University
Contact us: librarian | system librarian | Rongo university